La responsabilidad de los médicos y centros hospitalarios frente a los usuarios de la sanidad pública y privada : (Record no. 10216)

MARC details
000 -LEADER
campo de control de longitud fija 00979nam a2200229 i 4500
001 - NÚMERO DE CONTROL
campo de control 10216
003 - IDENTIFICADOR DE NÚMERO DE CONTROL
campo de control ES-MaACL
005 - FECHA Y HORA DE LA ÚLTIMA TRANSACCIÓN
campo de control 20230906145836.0
007 - CAMPO FIJO DE DESCRIPCIÓN FÍSICA--INFORMACIÓN GENERAL
campo de control de longitud fija t|
008 - DATOS DE LONGITUD FIJA--INFORMACIÓN GENERAL
campo de control de longitud fija 950322s1994 sp ||||1| spa d
020 ## - NÚMERO INTERNACIONAL ESTÁNDAR DEL LIBRO
Número Internacional Estándar del Libro 84-87111-45-9
080 ## - NÚMERO DE LA CLASIFICACIÓN DECIMAL UNIVERSAL
Número de la Clasificación Decimal Universal 614.253
245 03 - MENCIÓN DEL TÍTULO
Título La responsabilidad de los médicos y centros hospitalarios frente a los usuarios de la sanidad pública y privada :
Resto del título actas de la Jornada organizada por la Fundación de Ciencias de la Salud y celebrada el 18 de octubre de 1993.
260 ## - PUBLICACIÓN, DISTRIBUCIÓN, ETC.
Lugar de publicación, distribución, etc. Madrid :
Nombre del editor, distribuidor, etc. Fundación Ciencias de la Salud ;
Lugar de publicación, distribución, etc. Aranjuez :
Nombre del editor, distribuidor, etc. Doce Calles,
Fecha de publicación, distribución, etc. [1994]
300 ## - DESCRIPCIÓN FÍSICA
Extensión 190 p. ;
Dimensiones 24 cm.
490 1# - MENCIÓN DE SERIE
Mención de serie Debates de la Fundación de Ciencias de la Salud. Ética y humanidades
650 #4 - PUNTO DE ACCESO ADICIONAL DE MATERIA--TÉRMINO DE MATERIA
Término de materia o nombre geográfico como elemento de entrada Médicos-
Subdivisión general Moral profesional.
9 (RLIN) 14942
710 2# - ENTRADA AGREGADA--NOMBRE DE ENTIDAD CORPORATIVA
Nombre de entidad corporativa o nombre de jurisdicción como elemento de entrada Fundación de Ciencias de la Salud.
9 (RLIN) 4267
830 1# - PUNTO DE ACCESO ADICIONAL DE SERIE-TÍTULO UNIFORME
Título uniforme Debates de la Fundación de Ciencias de la Salud. Ética y humanidades
9 (RLIN) 228108
852 4# - LOCALIZACIÓN
Ubicación ES-MaACL
Número de control de estantería L-17691
Holdings
Estatus retirado Estado de pérdida Estado de daño No para préstamo Biblioteca de origen Biblioteca actual Ubicación en estantería Fecha de adquisición Fuente de adquisición Total de préstamos Signatura topográfica completa Código de barras Visto por última vez Precio de reemplazo Tipo de ítem Koha
        Biblioteca del Ateneo de Madrid Biblioteca del Ateneo de Madrid Depósito 2 17/01/2008     L-17691 1010425 23/02/2023 23/02/2023 Libro impreso